Normal view MARC view
  • JUAN PABLO

Entry Nombre Personal

Number of records used in: 4

001 - NUMERO DE CONTROL

  • campo de control: 16454

003 - IDENTIFICADOR DE NUMERO DE CONTROL

  • campo de control: UPN

005 - FECHA Y HORA DE LA ÜLTIMA TRANSACCIÓN

  • campo de control: 20210219193846.0

008 - DATOS DE LONGITUD FIJA

  • campo de control de longitud fija: nabaccnnaabn|||||||||| b |nc|||||d

035 ## - NUMERO DE CONTROL

  • Número de control: UPN10000016462

040 ## - FUENTE DE CATALOGACIÓN

  • Lenguaje de catalogación: SPA
  • Agencia de transcripción: UPN

053 #4 - NÚMERO DE CLASIFICACIÓN LC

  • Número de clasificación elemento-número único o número inicial de tramo: BX1378.5

100 0# - ENCABEZAMIENTO - NOMBRE PERSONAL

  • Nombre personal: JUAN PABLO
  • Numeración: II,
  • Títulos u otras palabras asociadas al nombre: PAPA,
  • Fechas asociadas con el nombre: 1920-2005

670 ## - FUENTE EN LA QUE SE LOCALIZARON DATOS

  • Cita de la fuente: LC
  • Información localizada: John Paul II, Pope, 1920-2005

902 ## - CATALOGADOR

  • Catalogador: BDV/100203